000 00753nam a2200217Ii 4500
003 JO-AjNU
008 230605s9999||||xx |||||||||||||| ||und||
020 _a978-9957-07-774-7
040 _aJO-AjNU
_bara
_erda
_cJO-AjNU
041 _aara
050 1 4 _aPJ7541.M367 2011
100 3 _aتأليف منصور، حمدي محمود ؛ تقديم ناصر الدين الأسد,
_eauthor
_943229
245 0 0 _aدراسات في الشعر الجاهلي و الإسلامي
250 _aط1
264 3 1 _aعمان: دار الفكر، 2011
300 _a193ص
336 _atext
_btxt
_2rdacontent
337 _aunmediated
_bn
_2rdamedia
338 _avolume
_bnc
_2rdacarrier
650 4 _aالشعر العربي - العصر الجاهلي
_943230
999 _aA18570
_c22138
_d22138